| 000 | 00866nam a2200265 a 4500 | ||
|---|---|---|---|
| 001 | BRL_389 | ||
| 005 | 20190320210723.0 | ||
| 008 | 060813s1989----mx-a######---#000-0#spa-# | ||
| 020 | _a9686332014 | ||
| 041 | _aspa | ||
| 044 | _amx | ||
| 050 | 4 |
_aF1219.56.C68 _b.C63 1989 |
|
| 245 | 1 | 0 |
_aCódice Baranda _ccomentarios de Lorenzo de Boturini ...[et. al.]; introducción de René Acuña. |
| 260 |
_aMéxico _bEdiciones Toledo _c1989 |
||
| 300 |
_a53 p. _bil. (algunas a color) _c23 p. |
||
| 500 | _aAu363 | ||
| 504 | _aBibliografía: p. 45-47 | ||
| 630 | 0 | 4 |
_aCódice Baranda _923749 |
| 650 | 1 | 4 |
_aIndígenas de México _xHistoria _zMéxico _923750 |
| 650 | 1 | 4 |
_aManuscritos mexicanos _xFacsímiles _95310 |
| 650 | 1 | 4 |
_aIndígenas de México _xLenguas _xEscritura _923751 |
| 700 | 1 |
_aBoturini Benaducci, Lorenzo _d1702-1751 _923752 |
|
| 902 | _aGRL | ||
| 942 |
_2lcc _cB |
||
| 999 |
_c9202 _d9202 |
||